000 01748cai a22002295a 4500
001 L137620
008 070420u xxk g f001 0 eng d
035 _a(Sirsi) u137620
041 0 _aeng
110 1 _aUnited Kingdom
_bCentral Office of Information
_bDirectGov
_95169
245 0 0 _aHome information pack
520 _aContains information for industry and consumer sectors. Details the required and optional contents of HIPs. Describes the revised regulations for HIPs and EPCs. Explains the current state of the phasing-in process. Explains Energy Performance Certificates in detail and the subsidies obtainable before the 1 August introduction of HIPs for 4-bedroom properties. A Regulatory Impact Assessment is published herein. Sections are targeted at buyers, sellers, estate agents and auctioneers, solicitors and conveyancers, home inspectors, energy assessors, lenders, housing developers, landlords and housing associations, managing agents and local authorities and HIP providers. Contains a news section and offers an email newsletter. Also includes procedural guidance for property professionals, an asset rating template for EPCs and the approved methodologies for calculating and expressing the Energy Performance of buildings.
590 _aKA
650 2 4 _aHOME INFORMATION PACKS
650 2 4 _aENERGY PERFORMANCE CERTIFICATES
650 2 4 _aHOUSING ACT 2004 PART V
651 4 _aEngland and Wales
_y1543-
690 _aPROPERTY-RESIDENTIAL PROPERTY-ACQUISITION AND DISPOSAL OF RESIDENTIAL PROPERTY
710 1 _aUnited Kingdom
_bDepartment for Communities and Local Government
_94939
856 4 0 _uhttps://www.homeinformationpacks.gov.uk
_zView the website free of charge at www.homeinformationpacks.gov.uk...
942 _n0
999 _c120593
_d120593